000 00631nam a22002297a 4500
003 UA-OsUOA
001 79683
007 ta
008 20111118b un ||||| |||| 00| 0 ukr d
100 _aДрюон М.
090 _a821.161.1
_bД78
942 _cBK
040 _aUA-OsUOA
_brus
_cUA-OsUOA
_dUA-OsUOA
245 _aФранцузская волчица; Лилия и лев
_bроманы
300 _a607 с.
955 _a3
041 _arus
080 _a821.161.1
260 _aМинск
_bМаст. літ
_c1982
650 7 _a82 Література. Літературознавство
_2UDC
999 _c366004
_d366004